01225dam a2200205 a 450000500170000000800350001702000150005204100080006710000210007524501280009625000120022426000770023630000210031350001990033465300250053365300210055865300830057965302870066265300700094920240412121051.0100825t2003||||cr f s sp spa d a9968917087 aspa1 aCamacho, Rosalia aAcercándonos a los instrumentos internacionales de protección de los derechos humanos de las mujeres /cRosalia Camacho a1a ed.  aSan José [C.R]: bInstituto Interamericano de Derechos Humanos;c2003. a102 p.c23x16 cm aCamacho, R. (2003). Acercándonos a los instrumentos internacionales de protección de los derechos humanos de las mujeres. (1a ed.). Costa Rica : Instituto Interamericano de Derechos Humanos. aDerechos de la mujer aDerechos humanos aConvención para prevenir, sancionar y erradicar la violencia contra la mujer aAnexo: Ratificaciones a la convención sobre la eliminación de todas las formas de discriminación contra la mujer. Ratificaciones a la convención para prevenir, sancionar y erradicar la violencia contra la mujer. Esquemas de los procedimietnos del protocolo facultatico CEDAW aMaterial de apoyo: Texto de los tres instrumentos internacionales